Data Abstraction And Problem Solving With C++ (Record no. 28874)

MARC details
000 -LEADER
fixed length control field 00481nam a2200181Ia 4500
020 ## - INTERNATIONAL STANDARD BOOK NUMBER
ISBN 0-8053-1226-9
050 ## - CALL MARK
Classification number QA 76.73.C153 .C38/
100 ## - STATEMENT OF RESPONSIBILITY--MAIN AUTHOR NAME
Personal name Frank M.Carrano
245 #0 - TITLE STATEMENT
Title Data Abstraction And Problem Solving With C++
260 ## - PUBLICATION, DISTRIBUTION, ETC. (IMPRINT)
Place of publication Redwood
260 ## - PUBLICATION, DISTRIBUTION, ETC. (IMPRINT)
Name of publisher The Benjamin/Cummings Publishing Company, Inc
260 ## - PUBLICATION, DISTRIBUTION, ETC. (IMPRINT)
Year of publication 1994
300 ## - PHYSICAL DESCRIPTION
Number of Pages 690 p
650 ## - SUBJECT ADDED ENTRY--TOPICAL TERM
Topical Term Abstract Data Types
942 ## - ADDED ENTRY ELEMENTS (KOHA)
Koha item type Books
Holdings
Withdrawn status Lost status Source of classification or shelving scheme Damaged status Not for loan Permanent Location Current Location Date acquired Accession Number Price effective from Koha item type
    Library of Congress Classification     NILE UNIVERSITY OF NIGERIA - MAIN LIBRARY NILE UNIVERSITY OF NIGERIA - MAIN LIBRARY 04/23/2025 0007837 04/23/2025 Books